Flagi wszystkich państw - Statystyki

Ogólne statystyki
  • Ten quiz został rozwiązany 29 razy
  • Średni wynik to 155 z 194
Statystyki odpowiedzi
Obrazkowy Odpowiedź % Poprawnych
Słowenia
100%
Korea Północna
95%
Norwegia
95%
Australia
90%
Belgia
90%
Białoruś
90%
Bośnia i Hercegowina
90%
Chile
90%
Chiny
90%
Chorwacja
90%
Cypr
90%
Czarnogóra
90%
Czechy
90%
Egipt
90%
Estonia
90%
Francja
90%
Grecja
90%
Gruzja
90%
Hiszpania
90%
Holandia
90%
Iran
90%
Irlandia
90%
Islandia
90%
Izrael
90%
Jamajka
90%
Japonia
90%
Kamerun
90%
Kanada
90%
Katar
90%
Kazachstan
90%
Kolumbia
90%
Kuba
90%
Luksemburg
90%
Malta
90%
Maroko
90%
Mołdawia
90%
Nigeria
90%
Panama
90%
Peru
90%
Polska
90%
Portugalia
90%
Rumunia
90%
Seszele
90%
Słowacja
90%
Szwajcaria
90%
Szwecja
90%
Turcja
90%
Urugwaj
90%
Watykan
90%
Węgry
90%
Wietnam
90%
Włochy
90%
Zjednoczone Emiraty Arabskie
90%
Albania
85%
Algieria
85%
Argentyna
85%
Austria
85%
Bangladesz
85%
Brazylia
85%
Dania
85%
Dominikana
85%
Finlandia
85%
Ghana
85%
Indie
85%
Indonezja
85%
Irak
85%
Litwa
85%
Macedonia Północna
85%
Monako
85%
Nepal
85%
Papua Nowa Gwinea
85%
Paragwaj
85%
Południowa Afryka
85%
Rosja
85%
San Marino
85%
Somalia
85%
Stany Zjednoczone
85%
Tajlandia
85%
Uganda
85%
Uzbekistan
85%
Wenezuela
85%
Wielka Brytania
85%
Andora
80%
Angola
80%
Arabia Saudyjska
80%
Armenia
80%
Bahrajn
80%
Bhutan
80%
Bułgaria
80%
Czad
80%
Demokratyczna Republika Konga
80%
Ekwador
80%
Etiopia
80%
Filipiny
80%
Haiti
80%
Kambodża
80%
Kirgistan
80%
Kiribati
80%
Kongo
80%
Korea Południowa
80%
Kostaryka
80%
Laos
80%
Liban
80%
Liechtenstein
80%
Łotwa
80%
Meksyk
80%
Mikronezja
80%
Mongolia
80%
Niemcy
80%
Niger
80%
Nikaragua
80%
Nowa Zelandia
80%
Oman
80%
Pakistan
80%
Salwador
80%
Senegal
80%
Serbia
80%
Singapur
80%
Sri Lanka
80%
Tunezja
80%
Ukraina
80%
Wybrzeże Kości Słoniowej
80%
Zambia
80%
Barbados
75%
Benin
75%
Boliwia
75%
Botswana
75%
Burkina Faso
75%
Burundi
75%
Fidżi
75%
Gabon
75%
Gambia
75%
Honduras
75%
Jemen
75%
Kenia
75%
Kuwejt
75%
Madagaskar
75%
Malezja
75%
Mjanma
75%
Syria
75%
Tanzania
75%
Timor Wschodni
75%
Togo
75%
Tonga
75%
Trynidad i Tobago
75%
Afganistan
70%
Azerbejdżan
70%
Bahamy
70%
Belize
70%
Brunei
70%
Dominika
70%
Erytrea
70%
Eswatini
70%
Grenada
70%
Gujana
70%
Gwatemala
70%
Gwinea
70%
Gwinea Bissau
70%
Gwinea Równikowa
70%
Komory
70%
Lesotho
70%
Liberia
70%
Libia
70%
Malediwy
70%
Mali
70%
Mauretania
70%
Nauru
70%
Palau
70%
Republika Środkowoafrykańska
70%
Saint Kitts i Nevis
70%
Saint Lucia
70%
Saint Vincent i Grenadyny
70%
Sudan
70%
Sudan Południowy
70%
Surinam
70%
Tadżykistan
70%
Turkmenistan
70%
Zimbabwe
70%
Antigua i Barbuda
65%
Dżibuti
65%
Jordania
65%
Malawi
65%
Mauritius
65%
Mozambik
65%
Namibia
65%
Republika Zielonego Przylądka
65%
Rwanda
65%
Sierra Leone
65%
Tuvalu
65%
Vanuatu
65%
Wyspy Marshalla
65%
Wyspy Salomona
65%
Samoa
60%
Wyspy Świętego Tomasza i Książęca
55%
Nie znaleziono quizów pasujących do podanych kryteriów
Rozkład punktacji
Procent ludzi z każdym wynikiem
Percentyl według liczby udzielonych odpowiedzi
Twoja historia wyników
Nie rozwiązałeś tego quizu